00728 2200193 4500001002100000005001500021035002000036245004700056100002000103250001700123300003300140260003300173082001000206084001600216020002200232650002700254520022700281500002600508INLIS00000000000065620240828085021 a0010-08240001741 aMembuat Pakaian Seragam /cLisyani Affandi0 aLisyani Affandi acetakan ke-5 aiv, 105 hlm :bIlus ;c21 cm aJakarta :bAzka Press,c2006 a646.2 a646.2 LIS m a978-979-571-106-7 4aMenjahit, Keterampilan aSeragam sekolah yang kita pakai tidak harus selalu dibeli. Kita pun dapat merancang pola pakaian seragam yang dikehendaki. Pakaian seragam yang dibuat sendiri biasanya mempunyai bentuk dan warna sesuai dengan selera kita. aSeri keterampilan PKK